<?xml version="1.0" encoding="UTF-8"?>
<record
    xmlns:xsi="http://www.w3.org/2001/XMLSchema-instance"
    xsi:schemaLocation="http://www.loc.gov/MARC21/slim http://www.loc.gov/standards/marcxml/schema/MARC21slim.xsd"
    xmlns="http://www.loc.gov/MARC21/slim">

  <leader>01374nam a22002417a 4500</leader>
  <datafield tag="999" ind1=" " ind2=" ">
    <subfield code="c">158429</subfield>
    <subfield code="d">158429</subfield>
  </datafield>
  <controlfield tag="005">20181029123212.0</controlfield>
  <datafield tag="010" ind1=" " ind2=" ">
    <subfield code="a">ENG-124392-95</subfield>
  </datafield>
  <datafield tag="020" ind1=" " ind2=" ">
    <subfield code="c">10500.00    (Set of 4 vols.)</subfield>
    <subfield code="a">9789386515612    (ISBN for complete set)</subfield>
  </datafield>
  <datafield tag="035" ind1=" " ind2=" ">
    <subfield code="a">EN-107924-27</subfield>
  </datafield>
  <datafield tag="037" ind1=" " ind2=" ">
    <subfield code="b">DBAD/PUB</subfield>
  </datafield>
  <datafield tag="082" ind1=" " ind2=" ">
    <subfield code="a">346.54066</subfield>
  </datafield>
  <datafield tag="100" ind1=" " ind2=" ">
    <subfield code="a">Bhandari, M C</subfield>
  </datafield>
  <datafield tag="245" ind1=" " ind2=" ">
    <subfield code="a">Guide to company law procedures:</subfield>
    <subfield code="c">by M C Bhandari; gen.ed. by Savithri Parekh; spc.ed.by Aditya Vikram Bhat....[et..all.]</subfield>
    <subfield code="b">procedures, rules, compliances and governance under the companies act, 2013 /</subfield>
  </datafield>
  <datafield tag="250" ind1=" " ind2=" ">
    <subfield code="a">24th ed.</subfield>
  </datafield>
  <datafield tag="260" ind1=" " ind2=" ">
    <subfield code="a">Gurgaon</subfield>
    <subfield code="b">Lexis Nexis</subfield>
    <subfield code="c">2018</subfield>
  </datafield>
  <datafield tag="270" ind1=" " ind2=" ">
    <subfield code="a">14th floor,Building No-10, Tower-B,DLF Cyber City Phase-11</subfield>
    <subfield code="b">Gurgaon</subfield>
    <subfield code="e">122002</subfield>
  </datafield>
  <datafield tag="300" ind1=" " ind2=" ">
    <subfield code="a">4 vols. (xlv, various paging: cxvii, various paging; xcvi, various paging; xliii, various paging)</subfield>
    <subfield code="c">25cm(Hb)</subfield>
    <subfield code="b">ill.</subfield>
  </datafield>
  <datafield tag="500" ind1=" " ind2=" ">
    <subfield code="a">It includes subject index</subfield>
  </datafield>
  <datafield tag="505" ind1=" " ind2=" ">
    <subfield code="a">vol. 1 - Procedures under the Companies Act, 2013 and Regulations issued by SEBI, RBI and other regulatory bodies
vol. 2 - Company Resolutions, Agenda and Meetings, Notices and Minutes
vol. 3 - Rules under the Companies Act, 2013, E-form, Returns, Applications and Petitions
vol. 3 - Company Procedures, Agreements, Deeds, and Documentation with Practice Notes</subfield>
  </datafield>
  <datafield tag="700" ind1=" " ind2=" ">
    <subfield code="a"> Parekh, Savithri</subfield>
  </datafield>
  <datafield tag="700" ind1=" " ind2=" ">
    <subfield code="a"> Bhat, Aditya Vikram</subfield>
  </datafield>
  <datafield tag="942" ind1=" " ind2=" ">
    <subfield code="2">ddc</subfield>
    <subfield code="c">EN</subfield>
    <subfield code="m">BHA</subfield>
    <subfield code="h">346.54066</subfield>
  </datafield>
  <datafield tag="952" ind1=" " ind2=" ">
    <subfield code="0">0</subfield>
    <subfield code="1">0</subfield>
    <subfield code="3">Vol.1</subfield>
    <subfield code="4">0</subfield>
    <subfield code="7">1</subfield>
    <subfield code="8">NFIC</subfield>
    <subfield code="a">DBAD</subfield>
    <subfield code="b">BN</subfield>
    <subfield code="d">2018-10-29</subfield>
    <subfield code="e">DBAD/PUB</subfield>
    <subfield code="g">10500.00</subfield>
    <subfield code="l">0</subfield>
    <subfield code="o">346.54066 BHA</subfield>
    <subfield code="p">EN-107924</subfield>
    <subfield code="r">2018-10-29 00:00:00</subfield>
    <subfield code="t">1</subfield>
    <subfield code="v">10500.00</subfield>
    <subfield code="y">EN</subfield>
  </datafield>
  <datafield tag="952" ind1=" " ind2=" ">
    <subfield code="0">0</subfield>
    <subfield code="1">0</subfield>
    <subfield code="3">Vol.2</subfield>
    <subfield code="4">0</subfield>
    <subfield code="7">1</subfield>
    <subfield code="8">NFIC</subfield>
    <subfield code="a">DBAD</subfield>
    <subfield code="b">BN</subfield>
    <subfield code="d">2018-10-29</subfield>
    <subfield code="e">DBAD/PUB</subfield>
    <subfield code="g">10500.00</subfield>
    <subfield code="l">0</subfield>
    <subfield code="o">346.54066 BHA</subfield>
    <subfield code="p">EN-107925</subfield>
    <subfield code="r">2018-10-29 00:00:00</subfield>
    <subfield code="t">1</subfield>
    <subfield code="v">10500.00</subfield>
    <subfield code="y">EN</subfield>
  </datafield>
  <datafield tag="952" ind1=" " ind2=" ">
    <subfield code="0">0</subfield>
    <subfield code="1">0</subfield>
    <subfield code="3">Vol.3</subfield>
    <subfield code="4">0</subfield>
    <subfield code="7">1</subfield>
    <subfield code="8">NFIC</subfield>
    <subfield code="a">DBAD</subfield>
    <subfield code="b">BN</subfield>
    <subfield code="d">2018-10-29</subfield>
    <subfield code="e">DBAD/PUB</subfield>
    <subfield code="g">10500.00</subfield>
    <subfield code="l">0</subfield>
    <subfield code="o">346.54066 BHA</subfield>
    <subfield code="p">EN-107926</subfield>
    <subfield code="r">2018-10-29 00:00:00</subfield>
    <subfield code="t">1</subfield>
    <subfield code="v">10500.00</subfield>
    <subfield code="y">EN</subfield>
  </datafield>
  <datafield tag="952" ind1=" " ind2=" ">
    <subfield code="0">0</subfield>
    <subfield code="1">0</subfield>
    <subfield code="3">Vol.4</subfield>
    <subfield code="4">0</subfield>
    <subfield code="7">1</subfield>
    <subfield code="8">NFIC</subfield>
    <subfield code="a">DBAD</subfield>
    <subfield code="b">BN</subfield>
    <subfield code="d">2018-10-29</subfield>
    <subfield code="e">DBAD/PUB</subfield>
    <subfield code="g">10500.00</subfield>
    <subfield code="l">0</subfield>
    <subfield code="o">346.54066 BHA</subfield>
    <subfield code="p">EN-107927</subfield>
    <subfield code="r">2018-10-29 00:00:00</subfield>
    <subfield code="t">1</subfield>
    <subfield code="v">10500.00</subfield>
    <subfield code="y">EN</subfield>
  </datafield>
</record>
